| Tag |
First Indicator |
Second Indicator |
Subfields |
| LEADER |
00000cam a2200000 a 4500 |
| 001 |
in00000790413 |
| 005 |
20220103134424.0 |
| 007 |
cr unu a |
| 008 |
891205s1988 xx a b 00010 eng d |
| 035 |
|
|
|9 ADN5460AM
|
| 035 |
|
|
|a (OCoLC)20735708
|
| 040 |
|
|
|a TXA
|c TXA
|d UtOrBLW
|
| 049 |
|
|
|a TXAZ [Also in] [Archives]
|c 1 [A11765000], 2 [A11765050]
|
| 099 |
|
|
|a 1988
|a Thesis
|a V253
|
| 100 |
1 |
|
|a VanGundy, Thomas Eugene,
|d 1958-
|
| 245 |
1 |
0 |
|a Mechanical properties of two canine iliac fracture fixation systems /
|c by Thomas Eugene VanGundy.
|
| 264 |
|
1 |
|a [Place of publication not identified] :
|b [publisher not identified] ;
|c 1988.
|
| 300 |
|
|
|a x, 160 leaves :
|b illustrations ;
|c 29 cm.
|
| 336 |
|
|
|a text
|b txt
|2 rdacontent
|
| 337 |
|
|
|a computer
|b c
|2 rdamedia
|
| 338 |
|
|
|a online resource
|b cr
|2 rdacarrier
|
| 500 |
|
|
|a "Major subject: Veterinary Medicine and Surgery."
|
| 500 |
|
|
|a Typescript (photocopy).
|
| 500 |
|
|
|a Vita.
|
| 502 |
|
|
|b M.S.
|c Texas A&M University
|d 1988.
|
| 504 |
|
|
|a Includes bibliographical references.
|
| 530 |
|
|
|a Also available online.
|
| 650 |
|
0 |
|a Dogs
|x Fractures
|x Treatment.
|
| 650 |
|
0 |
|a Fracture fixation.
|
| 650 |
|
0 |
|a Pelvic bones
|x Fractures
|x Treatment.
|
| 650 |
|
4 |
|a Major veterinary medicine and surgery.
|
| 856 |
4 |
1 |
|u https://hdl.handle.net/1969.1/ETD-TAMU-1988-THESIS-V253
|z Link to OAKTrust copy
|t 0
|
| 999 |
|
|
|a MARS
|
| 999 |
f |
f |
|s 59d645fd-9825-3d14-948d-1274d5fb59d6
|i d4e54e6b-2574-3504-b42c-c520378b0c45
|t 0
|
| 952 |
f |
f |
|p noncirc
|a Texas A&M University
|b J.J. Pickle Campus
|c High Density Repository
|s HDR
|d Remote Storage
|t 0
|e 1988 Thesis V253
|h Other scheme
|i computer -- online resource
|m A14839634281
|
| 952 |
f |
f |
|a Texas A&M University
|b College Station
|c Electronic Resources
|s www_evans
|d Available Online
|t 0
|e 1988 Thesis V253
|h Other scheme
|
| 998 |
f |
f |
|a 1988 Thesis V253
|t 0
|l Remote Storage
|
| 998 |
f |
f |
|a 1988 Thesis V253
|t 0
|l Available Online
|